[Event "Krakow op-B 25th"]
[Site "Krakow"]
[Date "2015.01.04"]
[Round "9"]
[White "Janus, Przemyslaw"]
[Black "Kireev, Andrey"]
[Result "1-0"]
[WhiteElo "2081"]
[BlackElo "2056"]
[PlyCount "87"]
[EventDate "2014.12.27"]
[EventType "swiss"]
[EventRounds "9"]
[EventCountry "POL"]
[SourceTitle "CBM 164 Extra"]
[Source "ChessBase"]
[SourceDate "2015.03.02"]
[SourceVersion "1"]
[SourceVersionDate "2015.03.02"]
[SourceQuality "1"]

1. d4 Nf6 2. c4 e6 3. Nc3 Bb4 4. e3 Bxc3+ 5. bxc3 d6 6. Bd3 Nbd7 7. Ne2 0-0 8. 0-0 e5 9. Ng3 Re8 10. f4 e4 11. Be2 b6 12. Bd2 Nb8 13. Be1 Nc6 14. Rf2 Na5 15. Nf1 Ba6 16. Nd2 Qd7 17. d5 c6 18. g4 Qb7 19. g5 Nd7 20. Nb3 Nxc4 21. Bxc4 Bxc4 22. dxc6 Qxc6 23. Nd4 Qd5 24. Qg4 Rad8 25. Rd1 Bd3 26. Qh4 f5 27. gxf6 Nxf6 28. Rg2 Kh8 29. Rg5 Qf7 30. f5 Bc4 31. Rd2 Rd7 32. Rdg2 Qf8 33. Qh3 Rf7 34. Bh4 Qe7 35. Rg6 Rg8 36. Bg5 Qe5 37. Qh4 h6 38. Bf4 Qe8 39. Bg5 Qa4 40. h3 Qd1+ 41. Kh2 Qf1 42. Bxf6 Rxf6 43. Rxf6 gxf6 44. Qxh6# 1-0

[Event "Krakow op-B 25th"]
[Site "Krakow"]
[Date "2014.12.30"]
[Round "5"]
[White "Walentukiewicz, Michal"]
[Black "Kireev, Andrey"]
[Result "0-1"]
[WhiteElo "2087"]
[BlackElo "2056"]
[PlyCount "118"]
[EventDate "2014.12.27"]
[EventType "swiss"]
[EventRounds "9"]
[EventCountry "POL"]
[SourceTitle "CBM 164 Extra"]
[Source "ChessBase"]
[SourceDate "2015.03.02"]
[SourceVersion "1"]
[SourceVersionDate "2015.03.02"]
[SourceQuality "1"]

1. g3 e5 2. Bg2 Nf6 3. c4 d6 4. Nc3 g6 5. d3 Bg7 6. Nf3 0-0 7. 0-0 Nbd7 8. Rb1 Re8 9. e4 a5 10. h3 Nc5 11. a3 a4 12. Be3 Bd7 13. Ne1 Nb3 14. Nc2 h6 15. f4 Rf8 16. f5 Kh7 17. g4 Ng8 18. Qe1 Bf6 19. Nd5 Bh4 20. fxg6+ Kxg6 21. Qe2 Ne7 22. d4 Nc6 23. dxe5 Nxe5 24. Nd4 Nxd4 25. Bxd4 Rc8 26. Rbd1 Qe8 27. Nf4+ Kh7 28. Nd5 Kg7 29. Bf2 Qd8 30. c5 Bxf2+ 31. Rxf2 Be6 32. cxd6 cxd6 33. Ne3 Qb6 34. Nf5+ Bxf5 35. exf5 f6 36. Kh1 Rc4 37. Rff1 Rfc8 38. Rd2 Rc1 39. Rfd1 Rxd1+ 40. Rxd1 Rc7 41. Kh2 Nc4 42. Rc1 Qd4 43. Rc2 b5 44. Qe8 Qe5+ 45. Qxe5 fxe5 46. Bd5 Rc5 47. Bxc4 bxc4 48. Kg3 d5 49. h4 Kf6 50. Kf3 Rb5 51. Rd2 h5 52. gxh5 Kxf5 53. Rf2 Rb8 54. Ke3+ Ke6 55. Rc2 Rh8 56. Kd2 Rxh5 57. Kc3 Rxh4 58. Kb4 Rh8 59. Kxa4 Rb8 0-1

[Event "Rewal op-B 19th"]
[Site "Rewal"]
[Date "2014.08.22"]
[Round "4"]
[White "Kireev, Andrey"]
[Black "Buraczewski, Rafal"]
[Result "1/2-1/2"]
[WhiteElo "2077"]
[BlackElo "1892"]
[PlyCount "34"]
[EventDate "2014.08.19"]
[EventType "swiss"]
[EventRounds "9"]
[EventCountry "POL"]
[SourceTitle "EXT 2015"]
[Source "ChessBase"]
[SourceDate "2014.11.20"]
[SourceVersion "1"]
[SourceVersionDate "2014.11.20"]
[SourceQuality "1"]

1. d4 d5 2. Bf4 Nf6 3. e3 c5 4. c3 Nc6 5. Bd3 Bg4 6. Qa4 c4 7. Bf1 Bf5 8. Nd2 a6 9. a3 h6 10. Ngf3 Nh5 11. Ne5 Nxf4 12. exf4 b5 13. Qd1 Nxe5 14. fxe5 e6 15. Be2 Be7 16. 0-0 a5 17. f4 0-0 1/2-1/2

[Event "Krakow op-A 23rd"]
[Site "Krakow"]
[Date "2013.01.02"]
[Round "7"]
[White "Kireev, Andrey"]
[Black "Rozycki, Bartlomiej"]
[Result "1/2-1/2"]
[WhiteElo "2160"]
[BlackElo "1935"]
[PlyCount "30"]
[EventDate "2012.12.27"]
[EventType "swiss"]
[EventRounds "9"]
[EventCountry "POL"]
[SourceTitle "CBM 152 Extra"]
[Source "ChessBase"]
[SourceDate "2013.02.25"]
[SourceVersion "1"]
[SourceVersionDate "2013.02.25"]
[SourceQuality "1"]

1. Nf3 Nf6 2. d4 d5 3. Bf4 Bf5 4. e3 e6 5. c4 c6 6. Qb3 Qb6 7. c5 Qxb3 8. axb3 Nh5 9. Bxb8 Rxb8 10. Nc3 a6 11. b4 Be7 12. Be2 Nf6 13. Ne5 h5 14. h3 Bd8 15. Kd2 h4 1/2-1/2

[Event "Yuzhny op"]
[Site "Yuzhny"]
[Date "2011.09.07"]
[Round "7"]
[White "Miljutin, Oleg"]
[Black "Kireev, Andrey"]
[Result "1-0"]
[WhiteElo "2086"]
[BlackElo "2139"]
[PlyCount "85"]
[EventDate "2011.09.03"]
[EventType "swiss"]
[EventRounds "9"]
[EventCountry "UKR"]
[SourceTitle "CBM 144 Extra"]
[Source "ChessBase"]
[SourceDate "2011.10.28"]
[SourceVersion "1"]
[SourceVersionDate "2011.10.28"]
[SourceQuality "1"]

1. e4 c5 2. Nf3 a6 3. c3 d6 4. d4 Nd7 5. Bd3 Qc7 6. a4 b6 7. 0-0 Ngf6 8. Re1 e5 9. Nbd2 Bb7 10. Nf1 Be7 11. Ng3 0-0 12. Nf5 Rfe8 13. Nxe7+ Rxe7 14. d5 c4 15. Bc2 Bc8 16. Nh4 Nf8 17. Bg5 Bg4 18. f3 Bc8 19. Bxf6 gxf6 20. Qd2 Kg7 21. f4 Ng6 22. fxe5 Rxe5 23. Nf3 Rh5 24. Rf1 Qe7 25. Rf2 Ne5 26. Raf1 Nxf3+ 27. Rxf3 Qe5 28. Rf4 Rh6 29. R1f3 Rg6 30. h3 Bd7 31. Kh1 b5 32. a5 Rg8 33. Qf2 b4 34. cxb4 h5 35. Bd1 Kh8 36. Rxf6 Qxe4 37. Bc2 Qxd5 38. Bxg6 fxg6 39. Qe3 Kg7 40. Rf7+ Qxf7 41. Qd4+ Kf8 42. Qxd6+ Ke8 43. Rxf7 1-0

[Event "Yuzhny op"]
[Site "Yuzhny"]
[Date "2011.09.04"]
[Round "3"]
[White "Saprykin, Alexandr"]
[Black "Kireev, Andrey"]
[Result "0-1"]
[WhiteElo "1904"]
[BlackElo "2139"]
[PlyCount "80"]
[EventDate "2011.09.03"]
[EventType "swiss"]
[EventRounds "9"]
[EventCountry "UKR"]
[SourceTitle "CBM 144 Extra"]
[Source "ChessBase"]
[SourceDate "2011.10.28"]
[SourceVersion "1"]
[SourceVersionDate "2011.10.28"]
[SourceQuality "1"]

1. e4 c5 2. Nf3 a6 3. d4 cxd4 4. Nxd4 Nf6 5. Nc3 e5 6. Nb3 Bb4 7. Bd3 Qc7 8. Bd2 d6 9. 0-0 Bxc3 10. Bxc3 Nbd7 11. Re1 0-0 12. Bf1 Nc5 13. Nxc5 Qxc5 14. a3 Qc6 15. Qd3 Be6 16. Rad1 Rfd8 17. Bd2 d5 18. Bg5 dxe4 19. Qxd8+ Rxd8 20. Rxd8+ Ne8 21. Red1 f6 22. Be3 Kf7 23. c4 f5 24. b4 f4 25. b5 Qc7 26. Ba7 axb5 27. cxb5 b6 28. Bb8 Qc5 29. Bd6 Nxd6 30. R8xd6 e3 31. fxe3 Qxe3+ 32. Kh1 Bg4 33. Bc4+ Ke7 34. R6d3 Bxd1 35. Rxe3 fxe3 36. Kg1 Kd6 37. Kf1 Kc5 38. Bg8 h6 39. Ke1 Ba4 40. Ke2 Kd4 0-1

[Event "Krakow op 21st"]
[Site "Krakow"]
[Date "2011.01.03"]
[Round "8"]
[White "Kireev, Andrey"]
[Black "Krasiewicz, Robert"]
[Result "1-0"]
[WhiteElo "2127"]
[BlackElo "2055"]
[PlyCount "143"]
[EventDate "2010.12.27"]
[EventType "swiss"]
[EventRounds "9"]
[EventCountry "POL"]
[SourceTitle "CBM 140 Extra"]
[Source "ChessBase"]
[SourceDate "2011.03.01"]
[SourceVersion "1"]
[SourceVersionDate "2011.03.01"]
[SourceQuality "1"]

1. c4 f5 2. Nc3 Nf6 3. g3 g6 4. Bg2 Bg7 5. d4 d6 6. Nf3 0-0 7. 0-0 Nc6 8. d5 Ne5 9. Nxe5 dxe5 10. Qb3 Nd7 11. Na4 Nb6 12. Bd2 Nxa4 13. Qxa4 e4 14. Qb3 e6 15. Rfd1 Re8 16. Rac1 Qd6 17. Be3 c5 18. dxc6 Qxc6 19. c5 Bd7 20. f3 Qb5 21. fxe4 Qxb3 22. axb3 Bc6 23. exf5 Bxb2 24. Rc2 exf5 25. Bxc6 bxc6 26. Bf4 Be5 27. Bxe5 Rxe5 28. Rd7 Rb8 29. Rxa7 Rxb3 30. Rc7 Rbe3 31. Kf2 Re7 32. Rxc6 R3e5 33. Rc8+ Kf7 34. c6 Re8 35. Rxe8 Rxe8 36. c7 Rc8 37. Kf3 Kf6 38. h4 Ke5 39. e3 h6 40. Rc6 g5 41. Rc5+ Kd6 42. Rxf5 gxh4 43. gxh4 Rxc7 44. Rh5 Rf7+ 45. Ke4 Rf6 46. Ra5 Ke7 47. Ra7+ Kf8 48. Ke5 Rb6 49. e4 Rb1 50. Rh7 Rb5+ 51. Kf6 Rb6+ 52. Kf5 Kg8 53. Rd7 Rb4 54. h5 Kf8 55. Rh7 Rb6 56. e5 Ra6 57. Rd7 Ra1 58. Kf6 Rf1+ 59. Ke6 Rh1 60. Rf7+ Kg8 61. Rf5 Kg7 62. Ke7 Ra1 63. Rf7+ Kg8 64. e6 Ra2 65. Rf5 Ra7+ 66. Kf6 Kf8 67. Kg6+ Ke8 68. Kxh6 Ra6 69. Rf6 Ke7 70. Kg7 Ra1 71. h6 Rh1 72. Rg6 1-0

[Event "Krakow op 21st"]
[Site "Krakow"]
[Date "2010.12.27"]
[Round "1"]
[White "Mikrut, Dariusz"]
[Black "Kireev, Andrey"]
[Result "1-0"]
[WhiteElo "2372"]
[BlackElo "2127"]
[PlyCount "111"]
[EventDate "2010.12.27"]
[EventType "swiss"]
[EventRounds "9"]
[EventCountry "POL"]
[SourceTitle "CBM 140 Extra"]
[Source "ChessBase"]
[SourceDate "2011.03.01"]
[SourceVersion "1"]
[SourceVersionDate "2011.03.01"]
[SourceQuality "1"]

1. d4 Nf6 2. c4 e5 3. dxe5 Ng4 4. Bf4 Nc6 5. Nf3 Bb4+ 6. Nbd2 Qe7 7. e3 Ngxe5 8. Nxe5 Nxe5 9. Be2 0-0 10. 0-0 Ng6 11. Bg3 Bd6 12. Bxd6 Qxd6 13. Qc2 Qe7 14. c5 d6 15. cxd6 Qxd6 16. Rfd1 Qe7 17. Nb3 c6 18. Rd4 Rd8 19. Rad1 Be6 20. Nc5 Rxd4 21. Rxd4 Bd5 22. b3 Re8 23. Bf1 b6 24. Nd3 Be4 25. f3 Bxd3 26. Rxd3 c5 27. Qd2 Nf8 28. e4 c4 29. bxc4 Qc5+ 30. Qe3 Qxc4 31. Ra3 Qc7 32. Rc3 Qe5 33. Bc4 Ne6 34. g3 Qc5 35. Kf2 Rc8 36. Rc2 Kf8 37. Bb3 Qxc2+ 38. Bxc2 Rxc2+ 39. Kg1 Rxa2 40. f4 Ke7 41. f5 Nc5 42. Qg5+ Ke8 43. Qxg7 Nd7 44. e5 Re2 45. e6 fxe6 46. f6 Kd8 47. f7 a5 48. f8Q+ Nxf8 49. Qxf8+ Kc7 50. Qf7+ Kd6 51. Qxh7 Re5 52. h4 b5 53. h5 a4 54. h6 Re3 55. Kf2 Rc3 56. Qe4 1-0

[Event "Krakow op 20th"]
[Site "Krakow"]
[Date "2010.01.02"]
[Round "6"]
[White "Kireev, Andrey"]
[Black "Andrenko, Irina"]
[Result "0-1"]
[WhiteElo "2140"]
[BlackElo "2184"]
[PlyCount "98"]
[EventDate "2009.12.27"]
[EventType "swiss"]
[EventRounds "9"]
[EventCountry "POL"]
[SourceTitle "CBM 134 Extra"]
[Source "ChessBase"]
[SourceDate "2010.03.03"]
[SourceVersion "1"]
[SourceVersionDate "2010.03.03"]
[SourceQuality "1"]

1. c4 Nf6 2. Nc3 g6 3. e4 d6 4. d3 c5 5. Be2 Bg7 6. Be3 Nc6 7. Qd2 Nd4 8. Bd1 Ng4 9. Bxg4 Bxg4 10. f3 Bd7 11. h4 h5 12. Rc1 a6 13. Nge2 b5 14. Nd5 Nxe2 15. Kxe2 e6 16. Nf4 Rb8 17. b3 b4 18. g3 a5 19. d4 cxd4 20. Bxd4 e5 21. Bb2 0-0 22. Nh3 Bxh3 23. Rxh3 Qd7 24. Rh2 f5 25. Qd5+ Kh7 26. Rd1 fxe4 27. Qxe4 Rf5 28. Rd3 Rbf8 29. Bc1 Qa7 30. Be3 Qd7 31. Bg5 Qa7 32. Rf2 a4 33. Kf1 axb3 34. axb3 Qa1+ 35. Kg2 Qb1 36. Re3 Qxe4 37. Rxe4 Ra8 38. Be7 Bf8 39. Bxf8 Rfxf8 40. Rd2 Rf6 41. f4 exf4 42. gxf4 Ra3 43. Rd3 Kg7 44. Kf3 Ra1 45. Ke3 Kf7 46. Kd4 Rh1 47. c5 dxc5+ 48. Kxc5 Rxh4 49. Rd7+ Kg8 0-1

[Event "Krakow op 20th"]
[Site "Krakow"]
[Date "2010.01.02"]
[Round "7"]
[White "Zajac, Mateusz"]
[Black "Kireev, Andrey"]
[Result "0-1"]
[WhiteElo "1852"]
[BlackElo "2140"]
[PlyCount "144"]
[EventDate "2009.12.27"]
[EventType "swiss"]
[EventRounds "9"]
[EventCountry "POL"]
[SourceTitle "CBM 134 Extra"]
[Source "ChessBase"]
[SourceDate "2010.03.03"]
[SourceVersion "1"]
[SourceVersionDate "2010.03.03"]
[SourceQuality "1"]

1. Nf3 Nc6 2. e4 e5 3. d4 exd4 4. Nxd4 Bc5 5. Nxc6 Qf6 6. Qf3 Qxc6 7. Bd3 Ne7 8. 0-0 0-0 9. Nc3 Bd4 10. Nd5 Nxd5 11. exd5 Qf6 12. Qe4 g6 13. c3 Be5 14. f4 Bd6 15. Be3 b6 16. Bd4 Bc5 17. Bxc5 bxc5 18. f5 g5 19. Rf3 d6 20. h4 gxh4 21. Qg4+ Kh8 22. Rh3 Rg8 23. Qxh4 Qxh4 24. Rxh4 f6 25. Re1 Bb7 26. c4 Rg7 27. Re6 Rf8 28. Kf2 Bc8 29. Re3 Rfg8 30. g3 Bd7 31. Rh6 Rf7 32. Rh4 Rb8 33. b3 a5 34. Rhe4 Kg7 35. Re7 Kf8 36. Rxf7+ Kxf7 37. Kf3 a4 38. Bc2 a3 39. g4 Re8 40. Rxe8 Bxe8 41. Kf4 Kg7 42. Be4 h6 43. Bf3 Kf8 44. Bg2 Ke7 45. Bf3 Kd8 46. Ke3 Bd7 47. Be4 Ke7 48. Kf4 Kf7 49. Bf3 Kf8 50. Be4 Ke7 51. Bg2 Kd8 52. Be4 Kc8 53. Ke3 Kb7 54. Kd3 Kb6 55. Kd2 c6 56. Kc3 cxd5 57. cxd5 Ka5 58. Bd3 Bc8 59. Bc4 Bb7 60. Kc2 Kb4 61. Kd2 Bc8 62. Kc2 Bd7 63. Kd2 Be8 64. Be2 Bf7 65. Bc4 h5 66. gxh5 Bxh5 67. Be2 Bxe2 68. Kxe2 Kc3 69. Ke3 c4 70. b4 Kxb4 71. Kd4 Kb5 72. Kc3 Kc5 0-1

[Event "Krakow op 20th"]
[Site "Krakow"]
[Date "2009.12.30"]
[Round "4"]
[White "Kireev, Andrey"]
[Black "Gluszko, Monika"]
[Result "1-0"]
[WhiteElo "2140"]
[BlackElo "1940"]
[PlyCount "51"]
[EventDate "2009.12.27"]
[EventType "swiss"]
[EventRounds "9"]
[EventCountry "POL"]
[SourceTitle "CBM 134 Extra"]
[Source "ChessBase"]
[SourceDate "2010.03.03"]
[SourceVersion "1"]
[SourceVersionDate "2010.03.03"]
[SourceQuality "1"]

1. e4 c5 2. Nc3 Nc6 3. g3 g6 4. Bg2 Bg7 5. d3 Rb8 6. Be3 d6 7. Qd2 b5 8. a3 Qa5 9. Rb1 b4 10. axb4 cxb4 11. Nd1 Nf6 12. h3 0-0 13. f4 Bb7 14. Nf3 Nd7 15. 0-0 Nc5 16. Nf2 e5 17. Ra1 Qb5 18. f5 Ne7 19. Bh6 f6 20. Ng4 gxf5 21. Bxg7 Kxg7 22. Qh6+ Kh8 23. Nxf6 Rf7 24. Ng5 Rg7 25. Nh5 Rxg5 26. Qxg5 1-0